000 00584nam a2200181Ia 4500
003 GCL
008 140319s9999 xx 000 0 ara d
040 _aGCL /
_cGCL
082 0 4 _a843
_bس ا
100 1 _aمحمد عبدالمنعم جلال (مترجم)
245 1 0 _aايام الغضب (هدية من الاديب عبدالفتاح الجمل) /
_cمحمد عبدالمنعم جلال (مترجم)
700 1 _aسيلفى، جرمان
300 _a194 ص
490 _a
650 0 4 _aالادب الفرنسى
650 0 4 _aالقصص المترجمة
942 _2ddc
_cBK
999 _c38486
_d38486